000 00438nam a2200181Ia 4500
001 876
005 20260306140550.0
008 260306t2010||||xx |||||||||||||| ||spa||
041 _aESP
082 _a170.92
_bW77 2010
100 _aWojtyla, Karol
_eAUT
245 0 _aMi visión del hombre:
_bhacia una nueva ética
260 _c2010
300 _a365 páginas :
_c21 cm.
650 _aGEN
654 _aCHU
942 _cLIB
_dJUS
_fJUS
_2ddc
_n
999 _c876
_d876